Christmas! Quiz Stats

 Plays Quiz not verified by Sporcle

Also try: Punny Businesses!
Challenge
Share
Tweet
Embed
Score 0/11 Timer 10:00
0 Plays Today
Hint Answer % Correct
Give this to relatives and Santa gives to youPresents
87.5%
Two colours it is said Santa wearsRed and white
67.5%
Classic food on ChristmasTurkey
65%
The thing you leave out for Rudolph on Christmas eveCarrot
50%
Thing you put on your doorknobWreath
47.5%
Thing you decorate to look niceChristmas Tree
40%
Type of biscuit you bake on ChristmasGingerbread
22.5%
Thing you do on Christmas eve (Religious)Go to Church
17.5%
Main vegetable...EUGH!!!!Brussel Sprouts
12.5%
Day of Christmas25th December
7.5%
What you leave out for Santa on Christmas eveMince Pies
2.5%

You're not logged in!

Compare scores with friends on all Sporcle quizzes.
Join for Free
OR
Log In

You Might Also Like...

Show Comments

Extras

Created Dec 23, 2014ReportFavoriteNominate
Tags:Christmas Quiz

Top Quizzes Today


Score Distribution

Your Account Isn't Verified!

In order to create a playlist on Sporcle, you need to verify the email address you used during registration. Go to your Sporcle Settings to finish the process.

Report this User

Report this user for behavior that violates our Community Guidelines.

Details: